00859nam a2200289Ia 4500003000400000005001700004008004100021020001500062040001800077041000800095082002300103100001600126245006800142250001200210260004300222300002900265650002000294650001800314650002400332650003000356650003200386650003000418650002100448650003400469650003200503650003400535OSt20250225141045.0210716s2000 xx 000 0 und d a1558605762 cAIMIT LIBRARY aeng a005.7402 22bCELJ aCelko, Joe. aSQL for smarties :badvanced sql programming /cBy Joe Celko's. a2nd ed. aCalifornia :bMorgan Kaufmann ,c2000. axxi,553p.;bPBc23.7 cm. aDatabase design aNormalization aNumeric data in sql aTemporal datatypes in sql aCharacter datatypes in sql  aNULLs missing data in sql aTable operations aComparison or theta operators aLike and similar Predicates aQuantified subquery predicate